National climate policies and the Kyoto Protocol /

Uloženo v:
Podrobná bibliografie
Korporativní autor: Organisation for Economic Co-operation and Development, OECD (Paris, France) (Původce)
Médium: Kniha
Jazyk:angličtina
Vydáno: Paris : OECD, 1999
Vydání:[1st ed.]
Témata:
ISBN:9264171142
On-line přístup: Získat plný text
Tagy: Přidat tag
Žádné tagy, Buďte první, kdo vytvoří štítek k tomuto záznamu!

MARC

LEADER 00000nam a2200000 4500
003 SK-BrCVT
005 20220617202440.0
008 991203s1999 fr e ||||||eng d
020 |a 9264171142 
035 |a CVTIDW0952083 
040 |b slo  |a CVTI SR 
041 0 |a eng 
044 |a fr 
080 |a 551.58:33:32  |2 UDC-MRF 
080 |a 504.3  |2 UDC-MRF 
110 0 |a Organisation for Economic Co-operation and Development, OECD (Paris, France)  |4 org 
242 1 0 |a Národné stratégie v oblasti klimatológie a Protokol z Kyota 
245 1 0 |a National climate policies and the Kyoto Protocol /  |c Organisation for Economic Co-operation and Development 
250 |a [1st ed.] 
260 |a Paris :  |b OECD,  |c 1999 
300 |a 87 s. :  |b grafy, lit., tab. ; 
500 |a Sustainable development 
653 1 |a klimatická zmena  |a skleníkový efekt  |a znečistenie ovzdušia  |a emisie  |a energetika  |a ochrana životného prostredia 
910 |b A571518 
919 |a 92-64-17114-2 
974 |f Knihy 
992 |a APH 
999 |c 112325  |d 112326